The evolution of an American Indian Prose epic (Record no. 123835)
[ view plain ]
| 000 -LEADER | |
|---|---|
| fixed length control field | 00597nam a22001697a 4500 |
| 005 - DATE AND TIME OF LATEST TRANSACTION | |
| control field | 20151210111002.0 |
| 008 - FIXED-LENGTH DATA ELEMENTS--GENERAL INFORMATION | |
| fixed length control field | 151207b xxu||||| |||| 00| 0 eng d |
| 050 ## - LIBRARY OF CONGRESS CALL NUMBER | |
| Classification number | E99.W7 |
| Item number | R117 1954 |
| 100 ## - MAIN ENTRY--PERSONAL NAME | |
| Personal name | Radin, Paul |
| 9 (RLIN) | 21222 |
| 245 ## - TITLE STATEMENT | |
| Title | The evolution of an American Indian Prose epic |
| Remainder of title | a study in comparative literature |
| Statement of responsibility, etc | by Radin, Paul |
| 260 ## - PUBLICATION, DISTRIBUTION, ETC. (IMPRINT) | |
| Place of publication, distribution, etc | Basel |
| Name of publisher, distributor, etc | Ethnographical Museum |
| Date of publication, distribution, etc | 1954-1956 |
| 300 ## - PHYSICAL DESCRIPTION | |
| Extent | 148p.; |
| Dimensions | 24cm. |
| 440 ## - SERIES STATEMENT/ADDED ENTRY--TITLE | |
| Title | Bollingen Foundation |
| Number of part/section of a work | No.3 |
| 9 (RLIN) | 21309 |
| 650 ## - SUBJECT ADDED ENTRY--TOPICAL TERM | |
| Topical term or geographic name as entry element | Winnebago Indians |
| 9 (RLIN) | 21223 |
| General subdivision | Legends |
| 650 ## - SUBJECT ADDED ENTRY--TOPICAL TERM | |
| Topical term or geographic name as entry element | Winnebago language |
| 9 (RLIN) | 21224 |
| General subdivision | texts |
| 942 ## - ADDED ENTRY ELEMENTS (KOHA) | |
| Source of classification or shelving scheme | Library of Congress Classification |
| Item type | Monograph ( Printed materials) |
| Withdrawn status | Lost status | Source of classification or shelving scheme | Damaged status | Not for loan | Collection code | Home library | Current library | Shelving location | Date acquired | Total Checkouts | Full call number | Barcode | Date last seen | Copy number | Price effective from | Koha item type |
|---|---|---|---|---|---|---|---|---|---|---|---|---|---|---|---|---|
| Library of Congress Classification | Main Collection | ARRUPE LIBRARY | ARRUPE LIBRARY | Main Collection | 07/12/2015 | E99.W7R117 1954 | 46500005742 | 13/12/2017 | Part 1 | 07/12/2015 | Monograph ( Printed materials) | |||||
| Library of Congress Classification | Main Collection | ARRUPE LIBRARY | ARRUPE LIBRARY | Main Collection | 07/12/2015 | E99.W7R117 1954 | 46500005743 | 13/12/2017 | Part 2 | 07/12/2015 | Monograph ( Printed materials) |